| 000 | 00513nam a2200217Ia 4500 | ||
|---|---|---|---|
| 003 | LK-CoDNM | ||
| 005 | 20240425095026.0 | ||
| 008 | 010623t1950 xxu||||| |||| 00| 1 sin d | ||
| 040 |
_aLK-CoDNM _dLK-CoDNM _eLK-CoDNM |
||
| 041 | _asin | ||
| 080 | _aජ96 | ||
| 245 | _aශ්රී ලංකා | ||
| 246 | _aSri Lanka | ||
| 260 |
_bS.A Tusent _aColombo _c1950 |
||
| 300 | _b29p.,25 cm | ||
| 650 | _aFountain | ||
| 650 | _aJack | ||
| 650 | _aOrange Cultivation | ||
| 650 | _aParliment | ||
| 942 | _cBK | ||
| 999 |
_c102024 _d102024 |
||